000 00742nam a2200253Ia 4500
003 OSt
005 20220925225739.0
006 a|||||r|||| 00| 0
007 ta
008 220923b |||||||| |||| 00| 0 eng d
037 _cGeneral Book
040 _aRTL
_cRTL
_beng
041 _2eng
_aeng
082 _aX:3M24xM18, B7.1/TD1
100 _aMarx Karl
_922872
245 0 _aCapital
_b A critical analysis of capitalist product
260 _aLondon
_bSwan Sonnenschein
_c1887
300 _axxxi, 886p
_ccm.
490 _vV1
500 _aBibliography: p 863-78
650 _aEconomic Classics Karl Marx
_9233100
942 _hX:3M24xM18, B7.1/TD1
_cGB
_2CC
999 _c584102
_d584102